| 000 | 00830nam a22002177a 4500 | ||
|---|---|---|---|
| 999 |
_c161934 _d161934 |
||
| 005 | 20190808131232.0 | ||
| 010 | _a1819CHEN B-717306-326 | ||
| 020 |
_a9788187107583 _c595.00 |
||
| 035 | _aB-717306-326 | ||
| 035 | _aB-728551 | ||
| 037 |
_bPragati Publications _adpl |
||
| 082 | _aS | ||
| 245 | _aThree hundred sixty five (365) Panchatantra stories | ||
| 260 |
_c2018(repr.) _aNew Delhi _bOm Books International |
||
| 270 |
_a107, Ansari Road, Darya Ganj _bNew Delhi _e110002 _k40009000 |
||
| 300 |
_a229p.: _bcol. ill. _c27cm(Hb) |
||
| 500 | _aAirport | ||
| 942 |
_2ddc _cCH _hS _mTHR |
||